Statistics for US Presidents that Never Served in the Military

Click here to take the quiz!

General Stats

  • This quiz has been taken 1,199 times
    (510 since last reset)
  • The average score is 12 of 15

Answer Stats

Answer% Correct
Donald Trump
98%
Barack Obama
97%
Joe Biden
95%
Bill Clinton
92%
John Adams
85%
John Quincy Adams
85%
Franklin D. Roosevelt
83%
Thomas Jefferson
80%
Herbert Hoover
76%
Woodrow Wilson
75%
Calvin Coolidge
71%
William Howard Taft
71%
Martin Van Buren
66%
Grover Cleveland
64%
Warren G. Harding
64%

Score Distribution

Percentile by Number Answered

Percent of People with Each Score

Your Score History

You have not taken this quiz since the last reset